| 000 | 00601 a2200181 4500 | ||
|---|---|---|---|
| 999 |
_c183404 _d183404 |
||
| 005 | 20211224114716.0 | ||
| 010 | _aENG-130594 | ||
| 020 |
_a978-93-89538-60-1 _c725.00 |
||
| 035 | _aEN-114126 | ||
| 037 | _bDBAD/PUB | ||
| 082 | _a616.075 | ||
| 100 | _aR.N. James Keogh | ||
| 245 |
_aNursing Laboratory and Diagnostic Tests: _cJames Keogh R.N. |
||
| 260 |
_aChennai _bMcGraw Hill Education(india) Private Limited _c2022 |
||
| 270 |
_aAnjana Complex No.5 /90 A, Butt Road, St. Thomas Mount _bChennai _e600016 |
||
| 300 |
_a321p. _c28cm (pbk) |
||
| 942 |
_adpl _cEN _2ddc _h616.075 _mKEO |
||